000 00309nam a2200121 a 4500
008 100917s1966|||| d
245 1 0 _aSpitý dážď
100 1 _aDarvas, József
260 _bVydavateľstvo politickej literatúry
_c1966
_aBratislava
044 _axo
_cSK
041 _aslo
020 _c17,50
999 _c10461
_d10461